|
|
|
|
| LEADER |
01134cam a22002771 4500 |
| 001 |
9481224 |
| 003 |
GR-PaULI |
| 005 |
20210117211015.0 |
| 008 |
750501s2003 ge 000 0 ger |
| 952 |
|
|
|0 0
|1 0
|2 ddc
|4 0
|6 551_490000000000000_MAT
|7 0
|9 237215
|a LISP
|b LISP
|c BSC
|d 2019-11-19
|i 076270
|l 0
|o 551.49 MAT
|p 025000047051
|r 2019-11-19 00:00:00
|t 1
|v 2019.00
|w 2019-11-19
|y BK15
|
| 999 |
|
|
|c 143461
|d 143461
|
| 010 |
|
|
|a 74322420
|
| 020 |
|
|
|a 3443010490
|c
|
| 040 |
|
|
|a DLC
|c GR-PaULI
|b gre
|e AACR2
|
| 082 |
|
|
|2 23
|a 551.49
|
| 100 |
1 |
|
|9 178838
|a Matthess, Georg
|e συγγραφέας.
|
| 245 |
1 |
0 |
|a Allgemeine Hydrogeologie - Grundwasserhaushalt :
|b mit 83 Tabellen /
|c von Georg Matthess und Karoly Ubell.
|
| 260 |
|
|
|a Berlin ;
|a Stuttgart :
|b Borntraeger,
|c 2003.
|
| 300 |
|
|
|a xii, 575 σ. :
|b εικ. ;
|c 25 εκ.
|
| 490 |
1 |
|
|a Lehrbuch der Hydrogeologie
|v 1.
|
| 504 |
|
|
|a Περιλαμβάνει βιβλιογραφία.
|
| 650 |
|
4 |
|9 1824
|a Ύδατα, Υπόγεια
|
| 700 |
1 |
|
|9 55295
|a Ubell, Karoly
|e συγγραφέας.
|
| 830 |
|
0 |
|9 178839
|a Lehrbuch der Hydrogeologie
|v 1.
|
| 942 |
|
|
|2 ddc
|c BK15
|
| 998 |
|
|
|c ΜΠΟΥΡΑΣ
|d 2019-11
|